The Great Montana Quiz! Stats

Quiz not verified by Sporcle

Also try: On A Map: Oceania
Challenge
Share
Tweet
Embed
Score 0/10 Timer 15:00
0 Plays Today
Biggest towns in Montana, from biggest t Answer:) % Correct
What is the biggest town in Montana, population wise? Billings, Montana
100%
What is the second biggest town in Montana, population wise? Missoula, Montana
85.7%
What is the third biggest town in Montana, population wise? Great Falls, Montana
85.7%
What is the fourth biggest town in Montana, population wise? Bozeman, Montana
85.7%
What is the sixth biggest town in Montana, population wise? Helena, Montana
85.7%
What is the seventh biggest town in Montana, population wise? Kalispell, Montana
85.7%
What is te fifth biggest town in Montana, population wise? Butte, Montana
71.4%
What is the ninth biggest town in Montana, population wise? Anaconda, Montana
71.4%
What is the tenth biggest town in Montana, population wise? Whitefish, Montana
71.4%
What is the eighth biggest town in Montana, population wise? Havre, Montana
57.1%

You're not logged in!

Compare scores with friends on all Sporcle quizzes.
Sign Up with Email
OR
Log In

You Might Also Like...

Show Comments

Extras

Top Quizzes Today


Score Distribution

Your Account Isn't Verified!

In order to create a playlist on Sporcle, you need to verify the email address you used during registration. Go to your Sporcle Settings to finish the process.

Report this User

Report this user for behavior that violates our Community Guidelines.

Details: